000
00270nam a2200109Ia 4500
008
200302s9999 xx 000 0 und d
100
_a
Albert G. H. Dietz
245
_a
Plastics for Architects and Builders
260
_b
The Mit Press Ltd.
260
_c
1969
300
_a
129 P.,
999
_c
73
_d
73